| 000 | 00471nam a2200181Ia 4500 | ||
|---|---|---|---|
| 001 | 9214 | ||
| 005 | 20260306160707.0 | ||
| 008 | 260306t2001||||xx |||||||||||||| ||spa|| | ||
| 041 | _aESP | ||
| 082 |
_a375.00973 _bP79 |
||
| 100 |
_aPosner, George J. _eAUT |
||
| 245 | 0 |
_aDocente del siglo XXI: _bcómo desarrollar una práctica docente competitiva |
|
| 260 | _c2001 | ||
| 300 |
_a347 páginas : _c23 cm. |
||
| 650 | _aGEN | ||
| 654 | _aCED | ||
| 942 |
_cLIB _dJUS _fJUS _2ddc _n |
||
| 999 |
_c9214 _d9214 |
||